<?xml version="1.0" encoding="UTF-8"?>
<record
    xmlns:xsi="http://www.w3.org/2001/XMLSchema-instance"
    xsi:schemaLocation="http://www.loc.gov/MARC21/slim http://www.loc.gov/standards/marcxml/schema/MARC21slim.xsd"
    xmlns="http://www.loc.gov/MARC21/slim">

  <leader>00894nam a2200205 a 4500</leader>
  <controlfield tag="003">0</controlfield>
  <controlfield tag="005">20250522160241.0</controlfield>
  <controlfield tag="008">021127s19uu    xx            00    eng d</controlfield>
  <datafield tag="050" ind1=" " ind2=" ">
    <subfield code="a">PGS DS 686.6.E87</subfield>
    <subfield code="b">.D364 2001</subfield>
  </datafield>
  <datafield tag="100" ind1=" " ind2=" ">
    <subfield code="a">del Rosario, Melvn Kristian Locsin.</subfield>
  </datafield>
  <datafield tag="245" ind1=" " ind2=" ">
    <subfield code="a">Perceptions of grade six students of Southville International School year 2000-2001 on the leadership of President "ERAP" /</subfield>
    <subfield code="c">Melvn Kristian Locsin del Rosario.</subfield>
  </datafield>
  <datafield tag="260" ind1=" " ind2=" ">
    <subfield code="a">Las Pi&#xF1;as City, Philippines :  </subfield>
    <subfield code="b">Southville International School and Colleges,</subfield>
    <subfield code="c">2001.</subfield>
  </datafield>
  <datafield tag="300" ind1=" " ind2=" ">
    <subfield code="a">57 pages :</subfield>
    <subfield code="b">illustrations ;</subfield>
    <subfield code="c">28 cm.</subfield>
  </datafield>
  <datafield tag="504" ind1=" " ind2=" ">
    <subfield code="a">Includes bibliographical references.</subfield>
  </datafield>
  <datafield tag="650" ind1=" " ind2=" ">
    <subfield code="a">Estrada, Joseph Ejercito, 1937 </subfield>
    <subfield code="v">Public opinion.</subfield>
  </datafield>
  <datafield tag="650" ind1=" " ind2=" ">
    <subfield code="a">Political leadership</subfield>
    <subfield code="v">Philippines</subfield>
    <subfield code="v">Public opinion.</subfield>
  </datafield>
  <datafield tag="650" ind1=" " ind2=" ">
    <subfield code="a">Philippines</subfield>
    <subfield code="v">Politics and government</subfield>
    <subfield code="v">1998&#x2013;2001.</subfield>
  </datafield>
  <datafield tag="650" ind1=" " ind2=" ">
    <subfield code="a">Students</subfield>
    <subfield code="v">Attitudes.</subfield>
  </datafield>
  <datafield tag="942" ind1=" " ind2=" ">
    <subfield code="2">lcc</subfield>
    <subfield code="c">PASS</subfield>
  </datafield>
  <datafield tag="999" ind1=" " ind2=" ">
    <subfield code="c">96506</subfield>
    <subfield code="d">96506</subfield>
  </datafield>
  <datafield tag="952" ind1=" " ind2=" ">
    <subfield code="0">0</subfield>
    <subfield code="1">0</subfield>
    <subfield code="2">lcc</subfield>
    <subfield code="4">0</subfield>
    <subfield code="a">LUX</subfield>
    <subfield code="b">LUX</subfield>
    <subfield code="c">PASS</subfield>
    <subfield code="d">2002-11-27</subfield>
    <subfield code="e">DONATION</subfield>
    <subfield code="l">0</subfield>
    <subfield code="o">PGS DS 686.6.E87 .D364 2001</subfield>
    <subfield code="p">P0477</subfield>
    <subfield code="r">2014-04-08 00:00:00</subfield>
    <subfield code="w">2014-04-08</subfield>
    <subfield code="y">PASS</subfield>
  </datafield>
</record>
